01068nam a2200217 a 4500001001000000005001700010008004100027020001500068050002400083245027100107260004800378300003200426500008000458504003100538610006000569650005700629650002100686700002600707700002700733740009000760BRCA_141220190320203421.0040706s2004 ilua---###---#000-0#spa-# a0974117102 4aF1391.C5b.R58 200410aRitmo del fuegobel arte y los artesanos de Santa Clara del Cobre, Michoácan, México = Rhythm of Fire : The Art and Artisans of Santa Clara del Cobre, Michoácan, Méxicoceditora general Michele Feder-Nadoff ; colaboradores Gonzalo Arroyo Ríos ... [et al.]. aChicago, IllinoisbCuentos Foundationc2004 a595 p.bil. a colorc20 cm. aIncluye índice alfabético, glosario y biografías de los colaboradores aBibliografía: p. 501-51124aSanta Clara del Cobre (Michoácan, México)xHistoria14aÍndigenasxTrabajo en metalzMichoácan, México14aTrabajo en cobre1 aFeder-Nadoff, Michele1 aArroyo Ríos, Gonzalo0 aRhythm of Fire : The Art and Artisans of Santa Clara del Cobre, Michoácan, México